| 000 | 00749nam a22002297a 4500 | ||
|---|---|---|---|
| 010 | _a822173 | ||
| 020 | _c00 | ||
| 035 | _a822173 | ||
| 037 | _bCen Lib/Ret | ||
| 040 |
_aDPL _bEN |
||
| 082 |
_a329.954 _bMIS |
||
| 100 |
_aMisra, B.B. _93993 |
||
| 245 |
_aThe indian political parties : _cby B.B. Misra _ban historical analysis of political behaviour up to 1947 / |
||
| 246 | _b | ||
| 260 |
_bOxford University Press _c1976 _a Delhi |
||
| 270 |
_b Delhi _e110002 _a2/11, ansari road dariya ganj |
||
| 300 |
_axv, 665p. _c21cm(Hb) |
||
| 500 | _aIncludes bibliographical references and index | ||
| 650 |
_aPolitical Sciences _z _9108304 |
||
| 650 |
_aBureaucratic Dominances _93995 |
||
| 942 |
_2ddc _cEN _h329.954 _mMIS |
||
| 999 |
_c123073 _d123073 |
||